[Event "Niedersachsen-chT U16"]
[Site "Verden"]
[Date "2001.05.25"]
[Round "3.2"]
[White "Luther, Kai"]
[Black "Bruns, Christoph"]
[Result "0-1"]
[WhiteElo "1191"]
[BlackElo "1219"]
[PlyCount "44"]
[EventDate "2001.05.??"]
[EventType "team"]
[EventRounds "7"]
[EventCountry "GER"]
[SourceTitle "EXT 2003"]
[Source "ChessBase"]
[SourceDate "2002.11.25"]
[SourceVersion "1"]
[SourceVersionDate "2002.11.25"]
[SourceQuality "1"]

1. e4 e5 2. d4 exd4 3. Qxd4 Nc6 4. Qe3 Nf6 5. Nc3 Bb4 6. Bd2 0-0 7. 0-0-0 Re8 8. Qg3 Rxe4 9. f3 Bd6 10. Qh3 Re8 11. Bd3 h6 12. Ne4 Be5 13. Ne2 d5 14. Nxf6+ Qxf6 15. Qh5 Bxb2+ 16. Kb1 Re5 17. Bf5 Rxf5 18. Qg4 Re5 19. Qa4 Rxe2 20. Qb3 Be5 21. Qxd5 Be6 22. Qd3 Rxg2 0-1

[Event "Niedersachsen-chT U14"]
[Site "Rotenburg"]
[Date "2000.06.17"]
[Round "3.2"]
[White "Bruns, Christoph"]
[Black "Ringel, Rene"]
[Result "1-0"]
[WhiteElo "976"]
[BlackElo "803"]
[PlyCount "105"]
[EventDate "2000.06.16"]
[EventType "team"]
[EventRounds "7"]
[EventCountry "GER"]
[SourceTitle "EXT 2003"]
[Source "ChessBase"]
[SourceDate "2002.11.25"]
[SourceVersion "1"]
[SourceVersionDate "2002.11.25"]
[SourceQuality "1"]

1. e4 e6 2. d4 d5 3. exd5 exd5 4. Nf3 Nf6 5. Nc3 c5 6. Bg5 Be6 7. Bb5+ Nc6 8. Qe2 c4 9. Bxf6 gxf6 10. 0-0 a6 11. Bxc6+ bxc6 12. Rfe1 Qd7 13. Na4 Rb8 14. b3 Kd8 15. Nd2 Bh3 16. g3 Bg4 17. Qe3 Bb4 18. Qf4 Kc8 19. Qxf6 Kc7 20. Nc5 Bxc5 21. dxc5 Kb7 22. Re7 Rhd8 23. Rxd7+ Rxd7 24. bxc4 dxc4 25. Rb1+ Ka7 26. Rxb8 Kxb8 27. Qf4+ Kb7 28. Qxg4 Rxd2 29. Qxc4 Rd1+ 30. Kg2 a5 31. Qb3+ Kc7 32. Qb6+ Kd7 33. Qxa5 Rd5 34. Qb6 h5 35. Qb7+ Ke6 36. Qxc6+ Ke5 37. Qe8+ Kd4 38. c6 Rc5 39. Qd7+ Kc3 40. c7 Kxc2 41. c8Q Rxc8 42. Qxc8+ Kb2 43. Kf3 f5 44. a4 f4 45. a5 fxg3 46. hxg3 h4 47. gxh4 Kb3 48. a6 Kb2 49. a7 Kb3 50. a8Q Kb4 51. Qc7 Kb5 52. Qab8+ Ka4 53. Qca7# 1-0

[Event "Niedersachsen-chT U14"]
[Site "Rotenburg"]
[Date "2000.06.17"]
[Round "4.2"]
[White "Raasch, Oliver"]
[Black "Bruns, Christoph"]
[Result "1/2-1/2"]
[WhiteElo "1153"]
[BlackElo "976"]
[PlyCount "42"]
[EventDate "2000.06.16"]
[EventType "team"]
[EventRounds "7"]
[EventCountry "GER"]
[SourceTitle "EXT 2003"]
[Source "ChessBase"]
[SourceDate "2002.11.25"]
[SourceVersion "1"]
[SourceVersionDate "2002.11.25"]
[SourceQuality "1"]

1. e4 e5 2. Nf3 Nc6 3. Bb5 d6 4. 0-0 Bd7 5. c3 Nf6 6. d4 Be7 7. Re1 0-0 8. Bg5 h6 9. Bxf6 Bxf6 10. Na3 Qe8 11. Nc2 Rd8 12. Qe2 Ne7 13. Bxd7 Qxd7 14. Rad1 Ng6 15. g3 Qg4 16. Kh1 Be7 17. dxe5 Nxe5 18. Nxe5 Qxe2 19. Rxe2 dxe5 20. Red2 Rd6 21. Ne3 Rfd8 1/2-1/2

[Event "Niedersachsen-chT U14"]
[Site "Rotenburg"]
[Date "2000.06.16"]
[Round "1.2"]
[White "Bruns, Christoph"]
[Black "Sommer, Matthias"]
[Result "0-1"]
[WhiteElo "976"]
[BlackElo "1127"]
[PlyCount "50"]
[EventDate "2000.06.16"]
[EventType "team"]
[EventRounds "7"]
[EventCountry "GER"]
[SourceTitle "EXT 2003"]
[Source "ChessBase"]
[SourceDate "2002.11.25"]
[SourceVersion "1"]
[SourceVersionDate "2002.11.25"]
[SourceQuality "1"]

1. e4 c6 2. Nc3 d5 3. exd5 cxd5 4. d4 Nc6 5. Nf3 Bg4 6. Be2 Nf6 7. Qd3 e6 8. Qb5 Qc7 9. 0-0 a6 10. Qd3 Bf5 11. Qd1 Bd6 12. h3 0-0-0 13. Bg5 h6 14. Bxf6 gxf6 15. Nh4 Bh7 16. Bf3 Rdg8 17. Ne2 Rg7 18. Qd2 Be4 19. Bxe4 dxe4 20. f4 exf3 21. Rxf3 f5 22. Rc3 Qd8 23. Nf3 h5 24. d5 exd5 25. Qxd5 Bh2+ 0-1